000 00866nam a2200277 i 4500
001 75054
003 BD-RjUL
005 20231004113030.0
008 190114r20222015ii a|||| b||| 001 0 eng d
020 _a9788120350625
035 _a(BD-RjUL) 75272
040 _aBD-RjUL
_beng
_cBD-RjUL
_erda
041 _aeng
082 4 _223
_a541
_bMOT 2022
100 _aMoudgil, Harish Kumar
_eauthor
_9226949
245 _aTextbook of physical chemistry /
_cHarish Kumar Moudgil.
250 _aSecond edition / Eastern economy edition
264 _aDelhi :
_bPrentice-Hall Of India,
_cc2015.c2022
300 _axxvii,686 pages :
_billustrations ;
_c23 cm.
336 _atext
_2rdacontent
337 _aunmediated
_2rdamedia
338 _avolume
_2rdacarrier
500 _aIncludes index.
650 _aChemistry, physical and theoretical.
_9226950
942 _2ddc
_cBK
999 _c75054
_d75054